00586nam a2200145Ia 4500008004100000024006800041100008800109110002300197245001200220260002600232600002500258650003300283856010700316999001700423260210s9999 xx 000 0 und d a19B-068-SE, 19B-005-SE, 19B-057-SE, 19B-048-SE & 19B-054-SE aMaaz Ali, Hafiz Muhammad Faaiz Azeem, M Fahad Dishad & Muhammad Zain-ul-Abideen aSadiq Abdul Hameed 0aE-Bazar aKarachi:bUITU,c2019 aSoftware engineering aBachelor of Engineering (BE) uhttps://drive.google.com/file/d/11THSU3Gf9xVqOYUsyvHVWZ9cj5i3ueZR/view?usp=sharingyClick here for PDF c33492d33492